Every city in Georgia (country) on cityquiz.io - Statistics

General Stats
  • This quiz has been taken 14 times
  • The average score is 24 of 111
Answers on the Map
Answers color-coded by a green-red scale on the quiz's map according to % correct below.
 
Answer Stats
City % Correct
Tbilisi
100%
Batumi
73%
Kutaisi
73%
Borjomi
64%
Gori
64%
Senak’i
64%
Zugdidi
64%
P’ot’i
55%
Sokhumi
55%
Telavi
55%
Abasha
45%
Gagra
45%
Kobuleti
45%
Mart’vili
45%
Mest’ia
45%
Oni
45%
Urek’i
45%
Gali
36%
Gudauri
36%
Gudauta
36%
K’asp’i
36%
Mtskheta
36%
Ozurgeti
36%
Rustavi
36%
Akhmet’a
27%
Ambrolauri
27%
Bak’uriani
27%
Chiat’ura
27%
Gantiadi
27%
Khashuri
27%
Khoni
27%
Likhni
27%
Och’amch’ire
27%
Samtredia
27%
Abastumani
18%
Akhalk’alak’i
18%
Akhaltsikhe
18%
Bagdadi
18%
Bich’vinta
18%
Bolnisi
18%
Chakvi
18%
Dranda
18%
Dzegvi
18%
Gardabani
18%
Gurjaani
18%
Java
18%
Jvari
18%
Khobi
18%
Lagodekhi
18%
Marneuli
18%
P’rimorsk’oe
18%
Sagarejo
18%
Shuakhevi
18%
Sighnaghi
18%
Surami
18%
Ts’khinvali
18%
Vale
18%
Zest’aponi
18%
Adigeni
9%
Agara
9%
Akhaldaba
9%
Akhalgori
9%
Asp’indza
9%
Bak’urianis Andezit’i
9%
Didi Lilo
9%
Diok’nisi
9%
Gorelovk’a
9%
Jvara
9%
K’atskhi
9%
Kelasuri
9%
Khertvisi
9%
Khet’agurovi
9%
Khulo
9%
Kojori
9%
K’ulashi
9%
Kveda Chkhorots’q’u
9%
Lent’ekhi
9%
Makhinjauri
9%
Manglisi
9%
Mokvi
9%
Naruja
9%
Ninotsminda
9%
Ochkhamuri
9%
Orsant’ia
9%
Pasanauri
9%
Q’vareli
9%
Sach’khere
9%
Samtavisi
9%
Shaumiani
9%
Shorap’ani
9%
Sioni
9%
Stantsiya Novyy Afon
9%
St’epants’minda
9%
Tbeti
9%
Tetri Ts’q’aro
9%
T’q’ibuli
9%
Tqvarch'eli
9%
Ts’aghveri
9%
Ts’alenjikha
9%
Ts’alk’a
9%
Tsikhisdziri
9%
Ts’inandali
9%
Ts’nori
9%
Ts’q’alt’ubo
9%
Tsqnet’i
9%
Uplistsikhe
9%
Vani
9%
Zahesi
9%
Zhinvali
9%
Znaur
9%
No matching quizzes found
Score Distribution
Percent of People with Each Score
Percentile by Number Answered
Your Score History
You have not taken this quiz